000 00571cam a2200229ua 4500
001 9313
005 20260515114443.0
008 150316n ii |||gr||||Z||||||asm
020 _a9789381139899
040 _cMAIN
041 _aasm
082 _a394.3
100 _aMahanta, Jagannath,
_eAuthor.
245 1 2 _aSatriya nrittya gita badyar hathputhi
_cby Jagannath Mahanta
250 _a1st ed.
260 _aGuwahati:
_bBhabani,
_c2012.
300 _axiv, 386p.
653 _aGeneral customs
653 _aSatriya nrittya
653 _aSatriya dance
942 _cBK
999 _c8370
_d8370